Advertising Slogans III Quiz Stats

 Plays Quiz Updated Jan 25, 2017

Support Sporcle.
Go Orange.
Score 0/21 Timer 05:00
4 Plays Today
Slogan Company % Correct
So Easy a Caveman Can Do It.Geico
83.3%
The night-time sniffling, sneezing, coughing, aching, stuffy head, fever, so-you-can-rest medicine.NyQuil
68.3%
Double Your Pleasure, Double Your FunDoublemint Gum
65.5%
The Best A Man Can GetGillette
64.2%
Australian for BeerFosters
61.6%
It's Everywhere You Want to BeVisa
57.2%
Tastes so good cats ask for it by name.Meow Mix
57.1%
What's In Your Wallet?Capital One
56.6%
Look Ma, No Cavities!Crest
54.1%
Strong enough for a man; but made for a woman.Secret
51.7%
We'll Leave the Light on for YouMotel 6
47%
Slogan Company % Correct
The Ultimate Driving MachineBMW
45.7%
How Do You Spell Relief?Rolaids
34.7%
You're Not You When You're HungrySnickers
34.4%
Nothin' says lovin' like something from the oven.Pillsbury
32.8%
You Can't Beat the Real ThingCoca-Cola
23.5%
Welcome To The Human Network.Cisco Systems
20.5%
You and UsUBS
14.1%
Makes Mouths HappyTwizzler
13.4%
Does She... or Doesn't She?Clairol
9.6%
Anything Less Would Be UncivilizedRight Guard
9.1%

From the Vault

Spanish Soccer Players

by smac17

Sports 5m
The players are Spanish, but the quiz is still in English.
Remove Ads.
Support Sporcle.
Get the best of Sporcle when you Go Orange. This ad-free experience offers more features, more stats, and more fun while also helping to support Sporcle. Thank you for becoming a member.

Show Comments

Extras

Top Quizzes Today


Score Distribution

Your Account Isn't Verified!

In order to create a playlist on Sporcle, you need to verify the email address you used during registration. Go to your Sporcle Settings to finish the process.

Report this User

Report this user for behavior that violates our Community Guidelines.

Details: